Normal view
MARC view
- Zhang, Jin Z
Entry Personal Name
001 - CONTROL NUMBER
- control field: 115338
003 - CONTROL NUMBER IDENTIFIER
- control field: NUST
005 - DATE AND TIME OF LATEST TRANSACTION
- control field: 20230912165307.0
008 - FIXED-LENGTH DATA ELEMENTS
- fixed length control field: 230912|| aca||aabn | a|a d
040 ## - CATALOGING SOURCE
- Original cataloging agency: NUST
- Transcribing agency: NUST
100 ## - HEADING--PERSONAL NAME
- Personal name: Zhang, Jin Z
670 ## - SOURCE DATA FOUND
- Source citation: Work cat.: (NUST): Zhang, Jin Z., Optical properties and spectroscopy of nanomaterials /, 2009
